000 00735cam a2200181 4500
001 WS118932
008 020719n 000 0 eng u
035 _a(Sirsi) u118932
110 _aAssociation of Chartered Certified Accountants
_94293
245 _aAssociation of Chartered Certified Accountants
520 _aWeb site for this international accountancy body including details of qualifications, pages for students, information for employers, publications and a directory of members.
650 _aORGANISATION
650 _aACCOUNTANTS
650 _aQUALIFICATIONS
690 _aMANAGEMENT-BUSINESS MANAGEMENT
856 4 0 _uhttps://www.accaglobal.com
_zView the website free of charge at www.accaglobal.com...
942 _n0
999 _c120116
_d120116